[Event "East Lansing (MOR/2)"]
[Site "?"]
[Date "1991.??.??"]
[Round "?"]
[White "Croel, Duane"]
[Black "Letourneau, Keith"]
[Result "1-0"]
[WhiteElo "1780"]
[BlackElo "1640"]
[PlyCount "75"]
[EventDate "1991.??.??"]

1. d4 e6 2. c4 c5 3. d5 d6 4. Nc3 Nf6 5. Nf3 h6 6. g3 exd5 7. cxd5 Bf5 8. Bg2
Qd7 9. O-O Bh3 10. Re1 Bxg2 11. Kxg2 Nh7 12. e4 f6 13. Nh4 Qf7 14. Qg4 Nd7 15.
Ng6 Rg8 16. f4 O-O-O 17. Qe6 Qxe6 18. dxe6 Nb6 19. e7 Re8 20. exf8=Q Nxf8 21.
Nxf8 Rgxf8 22. Nb5 Kd7 23. Bd2 Nc4 24. Bc3 a6 25. Na3 Nxa3 26. bxa3 Re7 27. e5
fxe5 28. fxe5 d5 29. Re2 Kc6 30. Rc1 Rf5 31. a4 b5 32. Bb4 Rexe5 33. Rxc5+ Kb6
34. Rec2 Re6 35. a5+ Kb7 36. Rc7+ Kb8 37. Rc8+ Kb7 38. R2c7# 1-0

[Event "East Lansing (MOR/4)"]
[Site "?"]
[Date "1991.??.??"]
[Round "?"]
[White "Croel, Duane"]
[Black "Brown, F."]
[Result "1-0"]
[WhiteElo "1780"]
[BlackElo "1680"]
[PlyCount "120"]
[EventDate "1991.??.??"]

1. d4 d5 2. c4 c6 3. cxd5 cxd5 4. Nc3 Nf6 5. Nf3 Nbd7 6. Bf4 e6 7. e3 a6 8. Bd3
Be7 9. a4 Nh5 10. Be5 Nxe5 11. Nxe5 g6 12. O-O Bf6 13. f4 Ng7 14. Qe2 Be7 15.
Rf2 Bb4 16. Nd1 Bd6 17. g4 Qc7 18. Rb1 Qa5 19. b3 Bb4 20. Rg2 Qd8 21. Nf2 Qc7
22. Nh1 Bd6 23. Ng3 Qe7 24. Rf1 f5 25. h3 Qf6 26. g5 Qd8 27. h4 h5 28. Nxg6 Rh7
29. Qd1 Kf7 30. Ne5+ Bxe5 31. fxe5 Kg6 32. Bc2 Rh8 33. e4 dxe4 34. Nxe4 Bd7 35.
Nf6 Bc6 36. Rgf2 Bd5 37. Qd3 Rf8 38. Nxd5 Qxd5 39. Qc4 Rad8 40. Rd2 Rd7 41.
Qxd5 Rxd5 42. Rf3 Rc8 43. Kg2 Rf8 44. Bd1 Rfd8 45. Rfd3 Rf8 46. Bf3 Rd7 47. d5
Rfd8 48. d6 Rc8 49. Bd1 Ne8 50. Rc2 Rb8 51. Rdc3 Nxd6 52. exd6 Rxd6 53. Bf3 b6
54. Rc6 Rbd8 55. Rxd6 Rxd6 56. Rc6 Rxc6 57. Bxc6 a5 58. Be8+ Kg7 59. Bxh5 Kf8
60. Kf3 e5 1-0

[Event "East Lansing (MOR/6)"]
[Site "?"]
[Date "1991.??.??"]
[Round "?"]
[White "Cooper, Willie"]
[Black "Vaka, Flamur"]
[Result "0-1"]
[WhiteElo "1605"]
[BlackElo "1640"]
[PlyCount "104"]
[EventDate "1991.??.??"]

1. e4 e5 2. Bc4 Nf6 3. d3 h6 4. Nf3 Nc6 5. O-O Bc5 6. c3 O-O 7. h3 d6 8. b4 Bb6
9. Bb2 Bd7 10. a4 a6 11. Bb3 Nh5 12. Nxe5 Nxe5 13. Qxh5 Nxd3 14. Qe2 Nxb2 15.
Qxb2 Qf6 16. Nd2 Qg6 17. Kh2 Bc6 18. Bd5 Bxd5 19. exd5 Qf6 20. Nf3 Rfe8 21. Qd2
Re7 22. Rad1 Rae8 23. Nd4 Bxd4 24. Qxd4 Qxd4 25. Rxd4 Re4 26. Rfd1 Kf8 27. f3
Rxd4 28. Rxd4 Ke7 29. b5 a5 30. Kg3 Kd7 31. h4 Re2 32. Rf4 Ke7 33. h5 Rd2 34.
Re4+ Kd7 35. Rd4 Rxd4 36. cxd4 c6 37. dxc6+ bxc6 38. b6 Kc8 39. Kf4 Kb7 40. Ke4
Kxb6 41. g4 c5 42. Kd5 cxd4 43. Kxd4 Kc6 44. f4 f6 45. f5 d5 46. Kc3 Kc5 47.
Kd3 d4 48. Kc2 Kc4 49. Kd2 d3 50. Kd1 Kb4 51. Kd2 Kxa4 52. Kxd3 Kb3 0-1

[Event "East Lansing (MOR/5)"]
[Site "?"]
[Date "1991.??.??"]
[Round "?"]
[White "Cooper, Willie"]
[Black "Collins, Devontia"]
[Result "1-0"]
[WhiteElo "1605"]
[BlackElo "1605"]
[PlyCount "61"]
[EventDate "1991.??.??"]

1. e4 d6 2. d4 Nf6 3. Nd2 g6 4. Bd3 Bg7 5. c3 O-O 6. Ngf3 Nbd7 7. O-O e5 8. d5
Nc5 9. Bc2 Bg4 10. h3 Bd7 11. Rb1 Qc8 12. b4 Na6 13. Nh2 Nh5 14. Ndf3 Nf6 15.
Re1 Ne8 16. Ng5 f5 17. Ne6 Bxe6 18. dxe6 f4 19. Bb3 Rf6 20. e7+ Kh8 21. Qd5 Re6
22. Qxe6 Qxe6 23. Bxe6 c6 24. Nf3 Nac7 25. Ng5 Bf6 26. Nf7+ Kg7 27. Bb3 Bxe7
28. Bb2 Bf6 29. Rbd1 d5 30. exd5 cxd5 31. Nxe5 1-0

[Event "East Lansing (MOR/2)"]
[Site "?"]
[Date "1991.??.??"]
[Round "?"]
[White "Cooper, Willie"]
[Black "Clark, M."]
[Result "1-0"]
[WhiteElo "1605"]
[BlackElo "1605"]
[PlyCount "71"]
[EventDate "1991.??.??"]

1. e4 c5 2. Bc4 e6 3. Nc3 Nc6 4. Nf3 d6 5. O-O Nf6 6. d3 Be7 7. a3 Bd7 8. d4
cxd4 9. Nxd4 Nxd4 10. Qxd4 O-O 11. Ne2 Bc6 12. h3 Bxe4 13. Bd3 Bxd3 14. cxd3
Rc8 15. Qxa7 Qc7 16. Qa4 Nd5 17. Bd2 Nb6 18. Qg4 Bf6 19. Rac1 Qb8 20. d4 e5 21.
Bg5 Bxg5 22. Qxg5 Rce8 23. dxe5 Rxe5 24. Qg4 Rfe8 25. Ng3 R5e6 26. Nf5 Rg6 27.
Qd4 Nd7 28. Rc3 Nf6 29. Re3 Rxe3 30. fxe3 Kh8 31. Nxd6 Qc7 32. e4 Qd7 33. e5
Qxh3 34. Qf2 Qe6 35. Rc1 Ng8 36. Nxf7+ 1-0

[Event "East Lansing (MOR/2)"]
[Site "?"]
[Date "1991.??.??"]
[Round "?"]
[White "Conway, M."]
[Black "Stark, Jay"]
[Result "1/2-1/2"]
[WhiteElo "1750"]
[BlackElo "1605"]
[PlyCount "45"]
[EventDate "1991.??.??"]

1. e4 c5 2. Ne2 Nc6 3. g3 Nf6 4. Bg2 e6 5. Nbc3 a6 6. O-O Qc7 7. Nf4 b5 8. Re1
Bd6 9. d3 Rb8 10. Nh3 O-O 11. f4 e5 12. f5 b4 13. Nb1 Be7 14. g4 h6 15. g5 hxg5
16. Bxg5 Nh7 17. Bxe7 Nxe7 18. Nd2 Bb7 19. Qg4 Nf6 20. Qg5 Qd6 21. Nf3 Nh7 22.
Qg4 Nf6 23. Qg5 1/2-1/2

[Event "East Lansing (MOR/7)"]
[Site "?"]
[Date "1991.??.??"]
[Round "?"]
[White "Conway, M."]
[Black "Moceri, Paul"]
[Result "1/2-1/2"]
[WhiteElo "1750"]
[BlackElo "1605"]
[PlyCount "36"]
[EventDate "1991.??.??"]

1. e4 d5 2. exd5 Qxd5 3. Nc3 Qa5 4. d4 Nf6 5. Bd3 Bg4 6. Nge2 Nbd7 7. Bd2 O-O-O
8. Nb5 Qb6 9. a4 Kb8 10. c4 e5 11. a5 Qe6 12. d5 Nxd5 13. cxd5 Qxd5 14. Qc2 Nc5
15. Ra3 Bxe2 16. Kxe2 Qxg2 17. Rc1 Qg4+ 18. Kf1 Qh3+ 1/2-1/2

[Event "East Lansing (MOR/4)"]
[Site "?"]
[Date "1991.??.??"]
[Round "?"]
[White "Conway, M."]
[Black "Dakins, J."]
[Result "1-0"]
[WhiteElo "1750"]
[BlackElo "1605"]
[PlyCount "103"]
[EventDate "1991.??.??"]

1. e4 d5 2. exd5 Qxd5 3. Nc3 Qd8 4. Bc4 Nf6 5. h3 Nc6 6. Nf3 h6 7. d4 Bf5 8. a3
e6 9. Bb5 Bd6 10. Be3 O-O 11. O-O Ne7 12. Nh4 Bh7 13. Bd3 Ng6 14. Nxg6 fxg6 15.
Qd2 Nd5 16. Nxd5 exd5 17. c3 c6 18. Qc2 Rf6 19. c4 dxc4 20. Qxc4+ Kh8 21. Rac1
Qd7 22. Rc2 Raf8 23. Re2 Qd8 24. Qb3 Qd7 25. Qc2 Qe8 26. Bxh6 Qb8 27. Bg5 Bh2+
28. Kh1 Rd6 29. Be7 Rdf6 30. Bxf8 Rxf8 31. Bxg6 Bxg6 32. Qxg6 Bf4 33. Rfe1 Qd6
34. Qxd6 Bxd6 35. Re8 b6 36. Rxf8+ Bxf8 37. Re8 Kg8 38. Ra8 a5 39. Ra6 c5 40.
d5 Kf7 41. Rxb6 Ke7 42. Ra6 Kd7 43. g3 Be7 44. Kg2 Bd8 45. Kf3 Bf6 46. b3 Bb2
47. a4 Bc3 48. g4 g5 49. Ke4 Ke7 50. Kf5 Bd2 51. Rc6 Bb4 52. Kxg5 1-0

[Event "East Lansing (MOR/6)"]
[Site "?"]
[Date "1991.??.??"]
[Round "?"]
[White "Conway, M."]
[Black "Croel, Duane"]
[Result "1-0"]
[WhiteElo "1750"]
[BlackElo "1780"]
[PlyCount "37"]
[EventDate "1991.??.??"]

1. e4 c5 2. Nf3 d6 3. d4 cxd4 4. Nxd4 Nf6 5. Nc3 g6 6. Bc4 Bg7 7. f3 O-O 8. Be3
Nc6 9. Qd2 Bd7 10. g4 Ne5 11. Be2 Be6 12. h4 Bc4 13. h5 Rc8 14. Bh6 Bxe2 15.
Kxe2 Nc4 16. Qc1 Bxh6 17. Qxh6 Rc5 18. hxg6 fxg6 19. Ne6 1-0

[Event "East Lansing (MOR/1)"]
[Site "?"]
[Date "1991.??.??"]
[Round "?"]
[White "Collins, E."]
[Black "Scriber, Darin"]
[Result "0-1"]
[WhiteElo "1605"]
[BlackElo "1605"]
[PlyCount "154"]
[EventDate "1991.??.??"]

1. d4 d5 2. c4 e6 3. Nf3 Nf6 4. Bg5 Nbd7 5. e3 c6 6. Bd3 Bb4+ 7. Nc3 Qa5 8. Qb3
Ne4 9. Bxe4 dxe4 10. Nd2 Bxc3 11. Qxc3 Qxg5 12. O-O f5 13. f3 exf3 14. Nxf3 Qe7
15. Rae1 Nf6 16. Nd2 O-O 17. Rf3 Bd7 18. c5 Rae8 19. Nc4 Qd8 20. Ne5 Qb8 21. h3
Bc8 22. Qb3 Qc7 23. Rxf5 Kh8 24. Rf3 Nd7 25. Nf7+ Kg8 26. Ref1 Nf6 27. Nd6 Rd8
28. Qd3 Nd5 29. Rxf8+ Rxf8 30. Rxf8+ Kxf8 31. Qxh7 Nf6 32. Qh8+ Ng8 33. Qh5 Qd7
34. Qf3+ Nf6 35. e4 Kg8 36. e5 Nd5 37. a3 b6 38. b4 bxc5 39. dxc5 Ba6 40. h4
Qe7 41. h5 Qf8 42. Qg4 Qf1+ 43. Kh2 Qf4+ 44. Kh3 Qxe5 45. h6 Nf4+ 46. Kh4 Qf6+
47. Kg3 Ne2+ 48. Kh3 Qxh6+ 49. Qh4 Nf4+ 50. Kg3 Qxh4+ 51. Kxh4 Nxg2+ 52. Kg3
Ne3 53. Kf4 Nd5+ 54. Ke5 g5 55. Kxe6 Bd3 56. Nf5 Bxf5+ 57. Kxf5 Kf7 58. Kxg5
Ke6 59. Kg6 a6 60. Kg7 Ne3 61. Kf8 Nc2 62. Ke8 Nxa3 63. Kd8 Nc2 64. Kc7 Kd5 65.
Kb6 Nxb4 66. Ka5 Kxc5 67. Ka4 Nd5 68. Kb3 Kb5 69. Kb2 Kb4 70. Kc2 a5 71. Kb2 a4
72. Ka2 a3 73. Kb1 c5 74. Ka2 c4 75. Kb1 Kb3 76. Ka1 c3 77. Kb1 c2+ 0-1

[Event "East Lansing (MOR/3)"]
[Site "?"]
[Date "1991.??.??"]
[Round "?"]
[White "Collins, E."]
[Black "Sanborn, Neil"]
[Result "1-0"]
[WhiteElo "1605"]
[BlackElo "1605"]
[PlyCount "107"]
[EventDate "1991.??.??"]

1. d4 d5 2. c4 dxc4 3. Nc3 e5 4. Nf3 Bd6 5. dxe5 Be7 6. Qa4+ Bd7 7. Qxc4 Nc6 8.
Bf4 Be6 9. Qa4 f6 10. Rd1 Qc8 11. e4 fxe5 12. Bxe5 Bf6 13. Bb5 Nge7 14. Bxf6
gxf6 15. O-O O-O 16. Rfe1 a6 17. Bd3 b5 18. Qc2 f5 19. Ng5 h6 20. Nxe6 Qxe6 21.
exf5 Qf7 22. g4 Nd4 23. Qc1 Nf3+ 24. Kf1 Nxe1 25. Rxe1 Qg7 26. Qf4 c5 27. h3
Rae8 28. Re6 Qg5 29. Qd6 c4 30. Be4 Qc1+ 31. Kg2 Qxb2 32. Nd5 Nxd5 33. Rg6+ Kh8
34. Rxh6+ Kg8 35. Bxd5+ Rf7 36. Qg6+ Qg7 37. Bxf7+ Kf8 38. Qxg7+ Kxg7 39. Bxe8
Kxh6 40. Kf3 c3 41. Ke3 Kg5 42. a3 Kh4 43. f6 Kxh3 44. f7 Kxg4 45. f8=Q c2 46.
Kd2 c1=Q+ 47. Kxc1 a5 48. Bd7+ Kg5 49. Qf5+ Kh6 50. Be8 Kg7 51. Qf7+ Kh8 52.
Qg6 b4 53. Bf7 bxa3 54. Qg8# 1-0

[Event "East Lansing (MOR/5)"]
[Site "?"]
[Date "1991.??.??"]
[Round "?"]
[White "Collins, E."]
[Black "Gregg, Ted"]
[Result "0-1"]
[WhiteElo "1605"]
[BlackElo "1605"]
[PlyCount "92"]
[EventDate "1991.??.??"]

1. d4 d5 2. c4 e6 3. Nf3 Nf6 4. Nc3 Nbd7 5. e3 c6 6. Bd3 Qa5 7. O-O Bb4 8. Bd2
dxc4 9. Bxc4 O-O 10. a3 Bxc3 11. Bxc3 Qc7 12. Qc2 Nd5 13. e4 Nxc3 14. bxc3 e5
15. Bd3 g6 16. Rfe1 Re8 17. Qd2 Nf6 18. h3 exd4 19. cxd4 Kg7 20. Rac1 Qe7 21.
Qc3 Be6 22. d5 cxd5 23. exd5 Rac8 24. Bc4 b5 25. dxe6 Rxc4 26. Qb2 Rxc1 27.
Qxc1 fxe6 28. Nd4 Qd7 29. Qb2 a6 30. Qc3 e5 31. Nf3 e4 32. Nd2 Qd3 33. Qxd3
exd3 34. Rxe8 Nxe8 35. f3 Nd6 36. Kf2 Nc4 37. f4 Nxd2 38. Ke3 Nc4+ 39. Kxd3
Nxa3 40. Kc3 a5 41. g4 Nc4 42. h4 a4 43. Kb4 a3 44. Kb3 b4 45. Ka2 Ne3 46. g5
Ng2 0-1

[Event "East Lansing (MOR/7)"]
[Site "?"]
[Date "1991.??.??"]
[Round "?"]
[White "Collins, E."]
[Black "Baker, Derrick"]
[Result "1-0"]
[WhiteElo "1605"]
[BlackElo "1605"]
[PlyCount "105"]
[EventDate "1991.??.??"]

1. d4 Nf6 2. c4 g6 3. Nf3 Bg7 4. e3 d6 5. Be2 O-O 6. O-O Nc6 7. Nc3 e5 8. d5
Ne7 9. e4 Ne8 10. Ne1 f5 11. f3 f4 12. Nd3 g5 13. Nf2 Nf6 14. b4 a5 15. b5 b6
16. Bd2 Rf7 17. Qc2 h5 18. Nh1 Bh6 19. Kf2 g4 20. Rg1 Kh7 21. Raf1 Qg8 22. Ke1
Rg7 23. Kd1 h4 24. g3 hxg3 25. hxg3 gxf3 26. Rxf3 Bg4 27. Rf2 Bxe2+ 28. Nxe2
Nh5 29. Qd3 Rf8 30. Kc2 fxg3 31. Rfg2 Bxd2 32. Kxd2 Nf4 33. Rxg3 Rg6 34. Qf3
Rff6 35. Rxg6 Nexg6 36. Nxf4 Qf7 37. Qh5+ Kg7 38. Nxg6 Rxg6 39. Qxg6+ Qxg6 40.
Rxg6+ Kxg6 41. Ng3 Kg5 42. Ke3 Kg4 43. Nf5 Kg5 44. Ng7 Kf6 45. Ne8+ Ke7 46.
Nxc7 Kd7 47. Na8 Kc8 48. Nxb6+ Kb7 49. Na4 Ka7 50. Kf3 Kb7 51. Kg4 Kc7 52. Kg5
Kb7 53. Kf6 1-0

[Event "East Lansing (MOR/1)"]
[Site "?"]
[Date "1991.??.??"]
[Round "?"]
[White "Collins, Devontia"]
[Black "Williams, Eddie"]
[Result "1/2-1/2"]
[WhiteElo "1605"]
[BlackElo "1605"]
[PlyCount "89"]
[EventDate "1991.??.??"]

1. Nf3 Nc6 2. g3 e5 3. e4 Bc5 4. Bg2 Nf6 5. d3 h6 6. O-O Ng4 7. Nc3 Nxf2 8.
Rxf2 Bxf2+ 9. Kxf2 O-O 10. Be3 d6 11. Qd2 Be6 12. Bxh6 gxh6 13. Qxh6 f6 14. Bh3
Bxh3 15. Qxh3 Rf7 16. Nd5 Ne7 17. Ne3 Rg7 18. Qe6+ Rf7 19. Ng4 Kg7 20. Nh6 Rf8
21. Ng4 Ng6 22. h4 Qc8 23. Qf5 Ne7 24. Qxc8 Raxc8 25. Rh1 f5 26. exf5 Rxf5 27.
Kg2 Rcf8 28. Ng5 Kg6 29. Ne6 Rc8 30. Ne3 Rf6 31. Ng5 c5 32. Ne4 Re6 33. h5+ Kg7
34. Ng4 Nf5 35. Ng5 Rh6 36. Nxh6 Kxh6 37. Ne4 d5 38. Nf6 Ne3+ 39. Kf2 d4 40.
Nd7 Nxc2 41. Nxe5 Ne3 42. g4 c4 43. dxc4 Nxc4 44. Nxc4 Rxc4 45. Re1 1/2-1/2

[Event "Ann Arbor (HVA/1/2)"]
[Site "?"]
[Date "1991.??.??"]
[Round "?"]
[White "Collins, Devontia"]
[Black "Skidmore, Mike"]
[Result "0-1"]
[WhiteElo "1605"]
[BlackElo "1900"]
[PlyCount "100"]
[EventDate "1991.??.??"]

{1/(2)} 1. Nf3 d5 2. g3 Nf6 3. Bg2 c6 4. O-O Bg4 5. d3 e6 6. Nbd2 Nbd7 7. h3
Bh5 8. e4 dxe4 9. dxe4 Bc5 10. Qe1 Qc7 11. Kh2 Bxf3 12. Nxf3 Bd6 13. Bg5 O-O-O
14. a4 h6 15. Bd2 h5 16. Kg1 Bc5 17. Bb4 Bxb4 18. Qxb4 Ne5 19. Nxe5 Qxe5 20. a5
g5 21. a6 b6 22. Rad1 h4 23. Rxd8+ Rxd8 24. Qe7 Nd7 25. g4 Qf6 26. Qxf6 Nxf6
27. Bf3 Rd2 28. e5 Nd7 29. Bxc6 Nxe5 30. Be4 Nd7 31. b4 Rd4 32. Bb7+ Kc7 33. c3
Rd3 34. Rc1 Rxh3 35. c4 Rd3 36. c5 bxc5 37. bxc5 Ne5 38. Rb1 Ra3 39. Bg2 Rxa6
40. Rb7+ Kc8 41. Re7 Ra1+ 42. Kh2 Nxg4+ 43. Kh3 Nxf2+ 44. Kh2 Ng4+ 45. Kh3 Ne5
46. c6 Ra3+ 47. Kh2 g4 48. Re8+ Kc7 49. Re7+ Kd6 50. c7 Rc3 0-1

[Event "East Lansing (MOR/4)"]
[Site "?"]
[Date "1991.??.??"]
[Round "?"]
[White "Collins, Devontia"]
[Black "Munger, Larry"]
[Result "0-1"]
[WhiteElo "1605"]
[BlackElo "1720"]
[PlyCount "88"]
[EventDate "1991.??.??"]

1. Nf3 Nf6 2. g3 g6 3. Bg2 Bg7 4. O-O d6 5. d3 c5 6. e4 Nc6 7. Nc3 Bg4 8. h3
Bd7 9. a3 Qc8 10. Kh2 O-O 11. Be3 e5 12. Qc1 Ne8 13. Bh6 f5 14. Bxg7 Nxg7 15.
exf5 Nxf5 16. Ne4 Qc7 17. Qg5 Ncd4 18. Nf6+ Kg7 19. Nxd7 Qxd7 20. Nxd4 Nxd4 21.
c3 Nf3+ 22. Bxf3 Rxf3 23. Qd2 Raf8 24. Rae1 Qf5 25. d4 cxd4 26. cxd4 Rxf2+ 27.
Rxf2 Qxf2+ 28. Qxf2 Rxf2+ 29. Kg1 Rxb2 30. dxe5 dxe5 31. Rxe5 Kf6 32. Re3 a5
33. Rd3 b5 34. Rd7 h5 35. Rd6+ Kf7 36. Rc6 Rb3 37. Rc7+ Kg8 38. Rc8+ Kg7 39.
Rc7+ Kh6 40. Kf2 Rxa3 41. Rc5 Rb3 42. g4 hxg4 43. hxg4 a4 44. Rc1 a3 0-1

[Event "East Lansing (MOR/6)"]
[Site "?"]
[Date "1991.??.??"]
[Round "?"]
[White "Collins, Devontia"]
[Black "Borhani-Azar, C."]
[Result "1/2-1/2"]
[WhiteElo "1605"]
[BlackElo "1605"]
[PlyCount "87"]
[EventDate "1991.??.??"]

1. Nf3 Nc6 2. g3 e5 3. d3 Bc5 4. Bg2 d6 5. O-O h6 6. Nbd2 Nge7 7. e4 O-O 8. a3
f5 9. exf5 Bxf5 10. b4 Bb6 11. Nc4 Rb8 12. Nxb6 axb6 13. Bd2 Bg4 14. h3 Bxf3
15. Bxf3 Nd4 16. Bg2 c6 17. c3 Ne6 18. Qc1 Rf6 19. Be3 b5 20. Qd2 Nf5 21. Qe2
Qe7 22. Rae1 Nxe3 23. Qxe3 Qf7 24. h4 Ra8 25. Ra1 Nc7 26. d4 exd4 27. Qxd4 d5
28. Qd2 Ne8 29. Rfe1 Nd6 30. Re2 Re6 31. Rxe6 Qxe6 32. Re1 Qf6 33. Ra1 Nc4 34.
Qc1 Qe5 35. Qc2 Rxa3 36. Rxa3 Nxa3 37. Qg6 Qxc3 38. Qe8+ Kh7 39. h5 Qf6 40. Qd7
Qc3 41. Qf5+ Kh8 42. Qf8+ Kh7 43. Qf5+ Kh8 44. Qe6 1/2-1/2

[Event "Detroit (HPO/4/25)"]
[Site "?"]
[Date "1991.??.??"]
[Round "?"]
[White "Collins, Charles"]
[Black "Thomas, Willie"]
[Result "0-1"]
[WhiteElo "1750"]
[BlackElo "1605"]
[PlyCount "66"]
[EventDate "1991.??.??"]

{4/(25)} 1. d4 Nf6 2. c4 g6 3. Nc3 d5 4. cxd5 Nxd5 5. e4 Nxc3 6. bxc3 Bg7 7.
Nf3 c5 8. Bb5+ Bd7 9. Qa4 a6 10. Bxd7+ Qxd7 11. Qc4 cxd4 12. cxd4 Nc6 13. Be3
Rc8 14. Qd3 O-O 15. O-O Rfd8 16. Rfd1 Nb4 17. Qb3 Nc6 18. Rab1 b5 19. a4 Rb8
20. Rbc1 b4 21. Rc5 e6 22. d5 Ne5 23. Nxe5 Bxe5 24. f4 Bc3 25. Bd4 Bxd4+ 26.
Rxd4 Qa7 27. Qc4 b3 28. Rc7 Qxd4+ 29. Qxd4 b2 30. Rxf7 b1=Q+ 31. Kf2 Qb2+ 32.
Qxb2 Rxb2+ 33. Kg3 Kxf7 0-1

[Event "Detroit (HPO/3/27)"]
[Site "?"]
[Date "1991.??.??"]
[Round "?"]
[White "Collins, Charles"]
[Black "Schafer, Jurgen"]
[Result "0-1"]
[WhiteElo "1750"]
[BlackElo "1605"]
[PlyCount "80"]
[EventDate "1991.??.??"]

{3/(27)} 1. d4 Nf6 2. c4 e6 3. g3 c6 4. Bg2 d5 5. Nf3 dxc4 6. O-O Bd6 7. Qc2
Qc7 8. e4 e5 9. dxe5 Bxe5 10. Nxe5 Qxe5 11. Bf4 Qh5 12. Nc3 Be6 13. Bd6 Nbd7
14. f3 Ne5 15. Bxe5 Qxe5 16. f4 Qc5+ 17. Kh1 Ng4 18. Qe2 h5 19. h3 O-O 20. f5
Bd7 21. Bf3 Ne5 22. Rab1 Nd3 23. b3 Qe5 24. bxc4 Qxg3 25. Qxd3 Qxh3+ 26. Kg1
Qg3+ 27. Kh1 Bxf5 28. Qe2 Bg4 29. Qg2 Qf4 30. Nd5 cxd5 31. cxd5 Bxf3 32. Rxf3
Qh4+ 33. Kg1 f6 34. Rg3 g5 35. Rgb3 b6 36. a4 Rae8 37. a5 Rxe4 38. axb6 Re1+
39. Rxe1 Qxe1+ 40. Kh2 Qe5+ 0-1

[Event "East Lansing (MOR/4)"]
[Site "?"]
[Date "1991.??.??"]
[Round "?"]
[White "Collins, Charles"]
[Black "Idzikowski, T."]
[Result "1-0"]
[WhiteElo "1765"]
[BlackElo "1605"]
[PlyCount "51"]
[EventDate "1991.??.??"]

1. d4 d5 2. c4 dxc4 3. g3 Nf6 4. Bg2 c6 5. Nf3 Bf5 6. O-O Nbd7 7. Na3 e6 8.
Nxc4 Be7 9. Bf4 Nd5 10. Nd6+ Bxd6 11. Bxd6 N7f6 12. Ba3 Rc8 13. Re1 Ne7 14. Ne5
O-O 15. e4 Bg6 16. Rc1 Re8 17. Qa4 Qb6 18. Bc5 Qxb2 19. Rb1 Qd2 20. Nf3 Qd3 21.
Rxb7 Bxe4 22. Ne5 Bxg2 23. Nxd3 Nfd5 24. Kxg2 Nc3 25. Qc2 Ncd5 26. Ne5 1-0

[Event "East Lansing (MOR/2)"]
[Site "?"]
[Date "1991.??.??"]
[Round "?"]
[White "Collins, Charles"]
[Black "Houston, Ryan"]
[Result "1-0"]
[WhiteElo "1765"]
[BlackElo "1605"]
[PlyCount "59"]
[EventDate "1991.??.??"]

1. d4 Nf6 2. c4 g6 3. g3 d5 4. Bg2 dxc4 5. Qa4+ Qd7 6. Qxc4 Bg7 7. Nf3 Nc6 8.
O-O O-O 9. Rd1 e5 10. Nc3 Nh5 11. Nxe5 Nxe5 12. dxe5 Qe7 13. Be3 Bxe5 14. Bd4
Bxd4 15. Rxd4 c6 16. Rad1 Be6 17. Qd3 a6 18. a4 Ng7 19. e4 c5 20. Rd6 Ne8 21.
Rb6 Qc7 22. a5 Rd8 23. Qxd8 Qxd8 24. Rxd8 f5 25. Rxb7 fxe4 26. Re7 Bf7 27. Nxe4
Ng7 28. Nf6+ Kh8 29. Rxf8+ Bg8 30. Rxg8# 1-0

[Event "East Lansing (MOR/7)"]
[Site "?"]
[Date "1991.??.??"]
[Round "?"]
[White "Collins, Charles"]
[Black "DeVries, D."]
[Result "1-0"]
[WhiteElo "1765"]
[BlackElo "1605"]
[PlyCount "37"]
[EventDate "1991.??.??"]

1. d4 d5 2. c4 e6 3. g3 Nc6 4. Bg2 Nf6 5. Nf3 Bb4+ 6. Bd2 Bxd2+ 7. Qxd2 O-O 8.
O-O Re8 9. Nc3 dxc4 10. Rfd1 Ne7 11. Ne5 a6 12. Nxc4 Ned5 13. Rac1 Bd7 14. Ne5
c6 15. Qc2 Bc8 16. Ne4 Nxe4 17. Bxe4 Nf6 18. Bd3 Qxd4 19. Bxh7+ 1-0

[Event "East Lansing (MOR/7)"]
[Site "?"]
[Date "1991.??.??"]
[Round "?"]
[White "Clark, M."]
[Black "Warren, S."]
[Result "0-1"]
[WhiteElo "1605"]
[BlackElo "1605"]
[PlyCount "78"]
[EventDate "1991.??.??"]

1. e4 e6 2. d4 d5 3. e5 c5 4. Nf3 Nc6 5. Bb5 Qb6 6. Bxc6+ bxc6 7. Nc3 Ba6 8.
Be3 Qxb2 9. Na4 Qb4+ 10. c3 Qa5 11. dxc5 Ne7 12. Bd2 Bb5 13. Nb2 Nf5 14. Qc1
Bxc5 15. a4 Ba6 16. c4 Qb6 17. Nd3 Bxc4 18. Nxc5 Qxc5 19. Be3 Nxe3 20. fxe3 Rb8
21. Kf2 O-O 22. Qc2 f5 23. exf6 Rxf6 24. Rhe1 g5 25. Kg1 Rf5 26. Nd4 Rf6 27.
Qd1 Rb2 28. Qg4 Kf7 29. Qxg5 Rg6 30. Qe5 Rbxg2+ 31. Kh1 R2g4 32. Qc7+ Qe7 33.
Qxc6 Qf6 34. Qb7+ Qe7 35. Qb1 Qh4 36. Nc6 R4g5 37. Qb7+ Kf8 38. Qe7+ Kg8 39.
Rab1 Qe4# 0-1

[Event "East Lansing (MOR/1)"]
[Site "?"]
[Date "1991.??.??"]
[Round "?"]
[White "Clark, M."]
[Black "Gregg, Ted"]
[Result "0-1"]
[WhiteElo "1605"]
[BlackElo "1605"]
[PlyCount "124"]
[EventDate "1991.??.??"]

1. e4 e5 2. Nf3 Nc6 3. Nc3 Bc5 4. d3 Nf6 5. Bg5 Bb4 6. Be2 d6 7. d4 Bxc3+ 8.
bxc3 exd4 9. cxd4 Qe7 10. Bxf6 Qxf6 11. h3 O-O 12. O-O Re8 13. Bb5 Rxe4 14.
Bxc6 bxc6 15. Re1 Rxe1+ 16. Qxe1 Bxh3 17. Qe2 Bg4 18. Re1 g6 19. Qe4 Bxf3 20.
gxf3 d5 21. Qg4 Rd8 22. Qg3 Qd6 23. f4 Kf8 24. Qg5 Kg7 25. f5 Qf6 26. Qg4 Qxf5
27. Qg3 Rd6 28. Re7 h5 29. Rxc7 Qg4 30. Rxa7 Qxg3+ 31. fxg3 Re6 32. a4 Re4 33.
a5 Rxd4 34. a6 Ra4 35. Ra8 Kf6 36. Kf2 Ke6 37. a7 Kd7 38. Kf3 Kc7 39. Rf8 Rxa7
40. Rxf7+ Kb6 41. Rf6 Rb7 42. Rf4 Kc5 43. Ra4 g5 44. Ra5+ Kd6 45. Kg2 Ke5 46.
Rc5 Kd6 47. Rc3 Re7 48. Kf2 d4 49. Rf3 Ke6 50. Ra3 Kd5 51. Ra5+ c5 52. Ra3 g4
53. Ra1 Re3 54. Rh1 Re5 55. Ra1 Kc4 56. Ra3 Re3 57. Rxe3 dxe3+ 58. Kxe3 Kc3 59.
Ke2 Kxc2 60. Ke1 Kd3 61. Kf2 c4 62. Ke1 Ke3 0-1

[Event "East Lansing (MOR/5)"]
[Site "?"]
[Date "1991.??.??"]
[Round "?"]
[White "Clark, M."]
[Black "Demers, J."]
[Result "0-1"]
[WhiteElo "1605"]
[BlackElo "1605"]
[PlyCount "90"]
[EventDate "1991.??.??"]

1. e4 e5 2. Nf3 Nc6 3. Nc3 Nf6 4. d4 exd4 5. Nxd4 Bb4 6. Bg5 O-O 7. Be2 h6 8.
Bh4 Bxc3+ 9. bxc3 Ne5 10. O-O Ng6 11. Bg3 Nxe4 12. c4 Nxg3 13. fxg3 d6 14. c3
c5 15. Nf5 Bxf5 16. Rxf5 Ne5 17. Qd2 Qe7 18. Raf1 Rae8 19. R5f4 b6 20. g4 f6
21. Rf5 Ng6 22. Re1 Qe3+ 23. Qxe3 Rxe3 24. Rd5 Re6 25. Rdd1 Rfe8 26. Kf1 Nf4
27. Rd2 Nxe2 28. Rdxe2 Rxe2 29. Rxe2 Rxe2 30. Kxe2 Kf7 31. a4 Ke6 32. Ke3 Ke5
33. h4 g6 34. g3 f5 35. gxf5 Kxf5 36. Kf3 h5 37. Ke3 g5 38. Kf3 g4+ 39. Ke3 Ke5
40. Kd3 d5 41. cxd5 Kxd5 42. c4+ Ke5 43. Kc3 Ke4 44. Kd2 Kf3 45. Ke1 Kxg3 0-1

[Event "East Lansing (MOR/2)"]
[Site "?"]
[Date "1991.??.??"]
[Round "?"]
[White "Cischke, J."]
[Black "Smith, Lester"]
[Result "1-0"]
[WhiteElo "1605"]
[BlackElo "1605"]
[PlyCount "81"]
[EventDate "1991.??.??"]

1. e4 e5 2. Nf3 Nf6 3. Nxe5 Qe7 4. d4 d6 5. Nf3 Nxe4 6. Be3 f5 7. Be2 Nc6 8.
O-O Be6 9. d5 f4 10. Bxf4 Qf7 11. dxc6 Qxf4 12. cxb7 Rb8 13. Bb5+ Kf7 14. Bc6
Be7 15. Re1 Nc5 16. Nc3 Qf5 17. Nd4 Qg5 18. Nxe6 Nxe6 19. Bd5 Rhf8 20. Rxe6 Ke8
21. Qd4 Kd7 22. Qa4+ Kd8 23. Qxa7 Kd7 24. Qa4+ Kd8 25. Bc6 Qc5 26. Ne4 Qb6 27.
Qa8 Qxc6 28. Qxb8+ Kd7 29. Rxe7+ Kxe7 30. Qxf8+ Kxf8 31. b8=Q+ Ke7 32. a4 Qxe4
33. a5 Qc4 34. a6 Qxc2 35. Re1+ Kf7 36. Qe8+ Kf6 37. a7 Qxb2 38. a8=Q c5 39.
Qf3+ Kg5 40. Qfh5+ Kf4 41. Qe4# 1-0

[Event "East Lansing (MOR/6)"]
[Site "?"]
[Date "1991.??.??"]
[Round "?"]
[White "Cischke, J."]
[Black "Shields, B."]
[Result "1-0"]
[WhiteElo "1605"]
[BlackElo "1605"]
[PlyCount "45"]
[EventDate "1991.??.??"]

1. e4 c5 2. Nf3 e6 3. d4 d5 4. Nc3 Nf6 5. Bg5 Be7 6. Bxf6 Bxf6 7. dxc5 d4 8. e5
dxc3 9. exf6 Qxf6 10. Bb5+ Bd7 11. Bxd7+ Nxd7 12. Qd6 Rc8 13. b4 Qf5 14. O-O
Qxc2 15. Rad1 Qa4 16. Rfe1 Qc6 17. Qd4 b6 18. Qxg7 Ke7 19. Ng5 Rhg8 20. Qxf7+
Kd8 21. Nxe6+ Qxe6 22. Qxe6 Rg7 23. Qf6+ 1-0